Výpočet a návrh nízkoteplotnej veľkoplošnej vykurovacej sústavy so zdrojom tepla tepelným čerpadlom pre bytový dom.

Saved in:
Bibliographic Details
Main Author: Pliešovský, Ján (Author)
Other Authors: Takács, Ján (Thesis advisor)
Format: Manuscript Book
Language:Slovak
Published: 2019
Subjects:
Online Access:http://is.stuba.sk/zp/portal_zp.pl?podrobnosti=145232
https://opac.crzp.sk/?fn=detailBiblioForm&sid=BCA102CB6C4CA54D4BEDA975C35B
Tags: Add Tag
No Tags, Be the first to tag this record!

MARC

LEADER 00000ntm a22000003a 4500
001 stuzp73312
003 SK-STU
005 20230608151430.5
007 ta
008 150427s2015----xo-----f-mn---000-0-slo-d
040 |a STU  |b slo 
041 0 |a slo 
100 1 |a Pliešovský, Ján  |u 010290  |k Z4  |4 aut  |U SvF Stavebná fakulta  |T SvF Katedra technických zariadení budov  |X 9821  |U V290  |Y 31  |7 9821 
242 0 1 |a Calculation and design of low-temperature large-area heating system with heat source heat pump for apartment house.  |y eng 
245 1 0 |a Výpočet a návrh nízkoteplotnej veľkoplošnej vykurovacej sústavy so zdrojom tepla tepelným čerpadlom pre bytový dom. 
260 |c 2019 
650 4 |a Tepelné čerpadlo  |2 slo 
650 4 |a Obnoviteľné zdroje energie  |2 slo 
650 4 |a Vykurovacia sústava  |2 slo 
650 4 |a Potreba energie  |2 slo 
650 4 |a Heat pump  |2 eng 
650 4 |a Renewable energy sources  |2 eng 
650 4 |a Heating system  |2 eng 
650 4 |a Energy need  |2 eng 
700 1 |a Takács, Ján  |u 010290  |k Z1  |4 ths  |U SvF Stavebná fakulta  |T SvF Katedra technických zariadení budov  |X 663  |U V290  |Y 31  |7 A000000663 
856 4 |u http://is.stuba.sk/zp/portal_zp.pl?podrobnosti=145232 
856 4 |u https://opac.crzp.sk/?fn=detailBiblioForm&sid=BCA102CB6C4CA54D4BEDA975C35B